000 00576nam a2200205Ia 4500
005 20250508151822.0
008 008 250505s9999 xx 000 0 eng d
037 _aTextual
040 _aFEDL
_beng
_cFEDL
041 _aeng
_2eng
084 _a371.42, AND
_qFEDL
100 _aAndrew Dean C.
_9760071
245 0 _aOne Twenty readings in guidance
260 _aLincoln
_bUniversity of Nebraska Press
_c1955
300 _a341p.
650 _aEducation
700 _a Downing Lester N.
_9760072
942 _cTEXL
_h371.42, AND
999 _c1332301
_d1332301